日本の社会保障・戦後日本経済史 - Statistics

General Stats
  • This quiz has been taken 2 times
  • The average score is 56 of 61
Answer Stats
Hint Answer % Correct
1 社会保障の分類① 社会保険
100%
2 公的扶助
100%
4 公衆衛生
100%
5 (1番)の分類① 医療保険
100%
6 雇用保険
100%
7 年金保険
100%
8 介護保険
100%
9 労災保険
100%
10 (1番)の財源は加入者の払う~と公費 保険料
100%
11 現在の年金制度の財源調達法= 賦課方式
100%
12 ~にすべきという声もある 積立方式
100%
13 (2番)の代表的な政策= 生活保護
100%
14 (4番)は、上下水道の整備、~の活動など 保健所
100%
15 人口動態日本の人口動態は1970年代から~の傾向 少子高齢化
100%
16 1人の女性が生涯に出産する子供の数の平均= 合計特殊出生率
100%
20 高齢化社会
100%
22 高齢社会
100%
24 超高齢社会
100%
27 ~の普及が進んでいる ユニバーサルデザイン
100%
28 戦後日本経済史1945年 GHQの戦後改革 石炭・鉄鋼・電力などにリソースを集中させる~を採用 傾斜生産方式
100%
30 これは激しい~を招く インフレ
100%
31 1949年 アメリカの銀行家~を顧問とし、 ドッジ
100%
33 1956年 経済白書の文言 もはや戦後ではない
100%
34 1960年 池田隼人内閣は~を唱える 国民所得倍増計画
100%
35 年約10%の経済成長:いわゆる~である 高度経済成長期
100%
36 4つの好景気① 1954~57 神武景気
100%
37 ② 1958~61 岩戸景気
100%
38 ③ 1962~64 オリンピック景気
100%
39 ④ 1965~70 いざなぎ景気
100%
40 (36番)(37番)の頃に普及① 白黒テレビ
100%
41 冷蔵庫
100%
42 洗濯機
100%
43 (39番)の頃に普及① 自動車
100%
44 カラーテレビ
100%
45 クーラー
100%
46 経済発展の弊害:各地で~が発生 公害
100%
49 日本経済は年4~5%の~を続ける 安定成長
100%
50 アメリカでは日本への批判が高まる= 日米貿易摩擦
100%
51 1985年 G5がドル高是正のための協力を決定= プラザ合意
100%
52 急激な円高→~を引き起こす 円高不況
100%
53 自動車企業などは海外工場での生産を開始→~を引き起こす 産業の空洞化
100%
54 金融緩和→資金が株や土地の購入に流れ込む バブル経済
100%
55 1990年代 日銀が金融引き締め バブル崩壊
100%
56 多くの銀行が融資に慎重になる= 貸し渋り
100%
57 融資した資金の強引な回収= 貸しはがし
100%
58 大企業の人員整理= リストラ
100%
59 2001~2005 小泉内閣金融機関の~を支援 不良債権処理
100%
60 小さな政府的政策の例= 郵政民営化
100%
61 日本における~が拡大・定着 非正規雇用
100%
17 2022年の(16番)= 1.26
100%
47 1971年 ニクソンが金とドルの交換停止~の交換レートが崩れる 1ドル360円
100%
21 ~を超えると 14%
100%
23 ~を超えると 21%
100%
25 2024年の日本の高齢者の比率= 29%
100%
18 高齢者の制度的な定義:~以上 65歳
100%
19 高齢者が~を超えると 7%
100%
3 社会福祉
0%
26 社会的弱者との共存への意識の高まり→~の推進や ノーマライゼーション
0%
29 不足しがちな資金は~が発行する債券で賄う 復興金融金庫
0%
48 1973年 第四次中東戦争による~ 第1次オイルショック
0%
32 ~を策定 経済安定9原則
0%
No matching quizzes found
Score Distribution
Percent of People with Each Score
Percentile by Number Answered
Your Score History
You have not taken this quiz